000 00422nam a2200169Ia 4500
003 GCL
008 140319s9999 xx 000 0 eng d
040 _aGCL /
_cGCL
082 0 4 _a759.4
_bW M
100 1 _aWERNER, ALFRED
245 1 0 _aMOURICE UTRILLO /
_cWERNER, ALFRED
260 _a[S.N] :
_bHARRY N. ABRAMS. ،
_c1981
300 _a185 P
650 0 4 _aUTRILLO, MAUSICE
650 0 4 _aBIOGRAPHICAL
942 _2ddc
_cBK
999 _c20367
_d20367